| 000 | 00481 a2200181 4500 | ||
|---|---|---|---|
| 020 | _a1592571190 | ||
| 082 | _a658.404 | ||
| 090 |
_c7412 _d7412 |
||
| 100 | _aSunny | ||
| 110 | _aBaker, Kim. Campbell, G. Michael. | ||
| 245 |
_aThe complete idiot's guide to Project Management _cSunny |
||
| 250 | _a3rd ed. | ||
| 260 |
_aUSA _bALPHA _c2003 |
||
| 300 |
_axxvi, 421 p. ; _bill.; _c25 cm. |
||
| 500 | _aIncludes index | ||
| 650 | _a1. Project management. | ||
| 942 |
_cBK _k658.404 SUN |
||
| 999 |
_c11215 _d11215 |
||